Statistics for Three Cities, One Country, No Capitals #5

Click here to take the quiz!

General Stats

  • This quiz has been taken 42 times
  • The average score is 8 of 15

Answer Stats

CitiesCountry% Correct
Ho Chi Minh City, Hai Phong, Can ThoVietnam
100%
Mombasa, Kisumu, NakuruKenya
88%
Brno, Ostrava, PlzeňCzech Republic
83%
Constanta, Cluj-Napoca, TimisoaraRomania
73%
Kaunas, Klaipėda, ŠiauliaiLithuania
70%
Chiang Mai, Nonthaburi, Nakhon RatchasimaThailand
70%
Debrecen, Szeged, MiskolcHungary
65%
Maracaibo, Barquisimeto, ValenciaVenezuela
65%
Arequipa, Trujillo, ChiclayoPeru
58%
Sfax, Sousse, EttadhamenTunisia
50%
Gyumri, Vanadzor, AbovyanArmenia
30%
Carrefour, Delmas, PétionvilleHaiti
28%
San Miguelito, Tocumen, DavidPanama
28%
Touba, Rufisque, ThièsSenegal
23%
Gulu, Nansana, MbararaUganda
15%

Score Distribution

Percentile by Number Answered

Percent of People with Each Score

Your Score History

You have not taken this quiz